00421nam a2200157Ia 4500008004100000020001500041040001900056041001200075082002800087100002200115245003600137260002800173300001800201650002300219850002100242131103s9999 xx 000 0 und d a033351341x aLoreto College aEnglish a822.91/BANbLCLIB/45685 aBanks, Lynne Reid aMaura's angelcLynne Reid Banks aLondonbMacmillanc1990 a57p. c 22cm. aEnglish literature aLCLIB/822.91/BAN